| 000 | 00409nam a22001337a 4500 | ||
|---|---|---|---|
| 082 |
_a621.3193 _bCOP _cL-10, P-3 |
||
| 110 |
_aCopper Development Association. _940948 |
||
| 245 |
_aCopper for Busbars _cCopper Development Association. |
||
| 260 |
_aEngland _bCopper Development Association. _cc1936. |
||
| 300 | _a176 p. : | ||
| 526 |
_a0 _b0 _c0 _d621_319300000000000_COP |
||
| 650 |
_aMCE _9379 |
||
| 942 |
_2ddc _cBK |
||
| 999 |
_c545640 _d545640 |
||